00658nam a2200205Ia 4500952013300000999001700133003000400150005001700154008004100171020001800212040000900230082001800239100002100257245005600278250001200334260004300346300000900389650001200398942004200410 00102ddc40708PHYSICSaMESbMEScPHYd2019-02-20g445.00l0o530.41 ZIM/Pp38275r2019-02-20 00:00:00w2019-02-20yBKzGL12R2 c34608d34608OSt20200824113851.0190216s9999||||xx |||||||||||||| ||und|| a9781107641341 coclc a530.41bZIM/P aZiman, J M94306 0aPrinciples Of The Theory Of The Solids /cJ M Ziman a2nd Ed. bCambridge Uty Press,c2011.aNew York: a435p aPhysics cBK2ddch530.41iZIM/Pk530.41mZIM/P